UBT Library

Spatial variabilities of soils and landforms / (Record no. 43806)

000 -LEADER
fixed length control field 00737pam a2200229 a 4500
001 - CONTROL NUMBER
control field 2487543
005 - DATE AND TIME OF LATEST TRANSACTION
control field 20180301050114.0
008 - FIXED-LENGTH DATA ELEMENTS--GENERAL INFORMATION
fixed length control field 910716s1991 wiua b 100 0 eng
010 ## - LIBRARY OF CONGRESS CONTROL NUMBER
LC control number 91026871
020 ## - INTERNATIONAL STANDARD BOOK NUMBER
International Standard Book Number 0891187987
040 ## - CATALOGING SOURCE
Original cataloging agency DLC
Transcribing agency DLC
Modifying agency DLC
041 ## - LANGUAGE CODE
Language code of text/sound track or separate title eng
080 ## - UNIVERSAL DECIMAL CLASSIFICATION NUMBER
Universal Decimal Classification number 631.47
082 00 - DEWEY DECIMAL CLASSIFICATION NUMBER
Classification number 631.47 MAU
Edition number 20
100 ## - Rafti
Rafti 9
101 ## - Shkurtesa
Shkurtesa MJE
245 00 - TITLE STATEMENT
Title Spatial variabilities of soils and landforms /
Statement of responsibility, etc editors, M.J. Mausbach and L.P. Wilding.
504 ## - BIBLIOGRAPHY, ETC. NOTE
Bibliography, etc Includes bibliographical references.
906 ## - LOCAL DATA ELEMENT F, LDF (RLIN)
a 7
b cbc
c orignew
d 1
e ocip
f 19
g y-gencatlg
942 ## - ADDED ENTRY ELEMENTS (KOHA)
Source of classification or shelving scheme
Item type Books
Holdings
Withdrawn status Lost status Source of classification or shelving scheme Damaged status Not for loan Collection code Permanent location Current location Shelving location Date acquired Total Checkouts Full call number Barcode Date last seen Price effective from Koha item type
          Koleksioni i përgjithshem UBT - Lipjan UBT - Lipjan Koleksioni i përgjithshem 03/01/2018   631.47 MAU 002-3000638 03/01/2018 03/01/2018 Books
UBT Library © 2015-2024. All rights reserved University Education for Business and Technology